书目信息 |
| 题名: |
春夏秋冬相约幸福
|
|
| 作者: | 童喜喜 著 | |
| 分册: | ||
| 出版信息: | 北京 中国盲文出版社 2020.01 |
|
| 页数: | 212页 | |
| 开本: | 24cm | |
| 丛书名: | ||
| 单 册: | ||
| 中图分类: | G624.203 | |
| 科图分类: | ||
| 主题词: | 口才学--小学--教学参考资料 , 作文课--小学--教学参考资料 | |
| 电子资源: | ||
| ISBN: | 978-7-5002-9125-1 | |
| 000 | 01193nam0 2200241 450 | |
| 001 | 0103152642 | |
| 005 | 20201103152729.0 | |
| 010 | @a978-7-5002-9125-1@dCNY40.00 | |
| 100 | @a20190628d2020 em y0chiy0110 ea | |
| 101 | 0 | @achi |
| 102 | @aCN@b110000 | |
| 105 | @ay z 000yy | |
| 106 | @ar | |
| 200 | 1 | @a春夏秋冬相约幸福@Achun xia qiu dong xiang yue xing fu@f童喜喜著 |
| 210 | @a北京@c中国盲文出版社@d2020.01 | |
| 215 | @a212页@d24cm | |
| 330 | @a书稿是《童喜喜说写手账》系列中的一册,作者童喜喜基于“读写之间说为桥”的理念,创作了这套儿童自我教育读本,鼓励儿童自主阅读、自发演说、自在写作。通过穿插在内容中的“静心共鸣”“佳句回味”“好词细品”“能说会道”“出口成章”等小栏目的设计,引导小读者阅读思考、掌握新词、练习演讲与写作。本册书名为《春夏秋冬相约幸福》,主题是探索自然,通过萤火虫班做草娃娃、养蚕宝宝、种树、做鸟巢、做柳梢、捡小猫、相约公园的系列故事,启迪孩子认识自然、认识生命,得到成长。书稿质量较高,有助于提高小学阶段低视力读者的阅读、演讲、写作能力。 | |
| 606 | 0 | @a口才学@x小学@j教学参考资料 |
| 606 | 0 | @a作文课@x小学@j教学参考资料 |
| 690 | @aG624.203@v5 | |
| 701 | 0 | @a童喜喜@Atong xi xi@4著 |
| 801 | 0 | @aCN@bBJSZM@c20201103 |
| 905 | @b1255231-5@dG624.203@e1015@f5 | |
| 春夏秋冬相约幸福/童喜喜著.-北京:中国盲文出版社,2020.01 |
| 212页;24cm |
| ISBN 978-7-5002-9125-1:CNY40.00 |
| 书稿是《童喜喜说写手账》系列中的一册,作者童喜喜基于“读写之间说为桥”的理念,创作了这套儿童自我教育读本,鼓励儿童自主阅读、自发演说、自在写作。通过穿插在内容中的“静心共鸣”“佳句回味”“好词细品”“能说会道”“出口成章”等小栏目的设计,引导小读者阅读思考、掌握新词、练习演讲与写作。本册书名为《春夏秋冬相约幸福》,主题是探索自然,通过萤火虫班做草娃娃、养蚕宝宝、种树、做鸟巢、做柳梢、捡小猫、相约公园的系列故事,启迪孩子认识自然、认识生命,得到成长。书稿质量较高,有助于提高小学阶段低视力读者的阅读、演讲、写作能力。 |
| ● |
| 相关链接 |
|
|
|
|
正题名:春夏秋冬相约幸福
索取号:G624.203/1015
 
预约/预借
| 序号 | 登录号 | 条形码 | 馆藏地/架位号 | 状态 | 备注 |
| 1 | 1255231 | 212552316 | 第一样本阅览室/ [索取号:G624.203/1015] | 在馆 | |
| 2 | 1255232 | 212552325 | 教育系资料室/ [索取号:G624.203/1015] | 在馆 | |
| 3 | 1255233 | 212552334 | 教育系资料室/ [索取号:G624.203/1015] | 在馆 | |
| 4 | 1255234 | 212552343 | 第四借阅区/ [索取号:G624.203/1015] | 在馆 | |
| 5 | 1255235 | 212552352 | 第四借阅区/ [索取号:G624.203/1015] | 在馆 |